[Event "SVR-ch Seniors 38th"]
[Site "Nickenich"]
[Date "2015.04.02"]
[Round "5"]
[White "Kohlei, Rolf"]
[Black "Steger, Wolfgang"]
[Result "0-1"]
[WhiteElo "1957"]
[BlackElo "1827"]
[PlyCount "116"]
[EventDate "2015.03.27"]
[EventType "swiss"]
[EventRounds "7"]
[EventCountry "GER"]
[SourceTitle "EXT 2016"]
[Source "ChessBase"]
[SourceDate "2015.10.08"]
[SourceVersion "1"]
[SourceVersionDate "2015.10.08"]
[SourceQuality "1"]

1. Nf3 Nf6 2. d4 e6 3. c4 c5 4. d5 exd5 5. cxd5 d6 6. Nc3 g6 7. e4 Bg4 8. Be2 Bg7 9. 0-0 0-0 10. a4 a6 11. a5 Re8 12. Nd2 Bxe2 13. Qxe2 Nbd7 14. f3 b5 15. axb6 Nxb6 16. Qd3 Qc8 17. Nc4 Nxc4 18. Qxc4 Nd7 19. Be3 Ne5 20. Qe2 c4 21. Na4 Qc7 22. Rfc1 Rab8 23. f4 Nd3 24. Qxd3 cxd3 25. Rxc7 Rxe4 26. Bf2 Re2 27. Rac1 Bf6 28. Rc8+ Rxc8 29. Rxc8+ Kg7 30. Rc1 Kf8 31. b3 d2 32. Rd1 Bd4 33. Bxd4 Re1+ 34. Kf2 Rxd1 35. Ke2 Rb1 36. Nb2 d1Q+ 37. Nxd1 Rxb3 38. Kd2 Rb4 39. Kc3 Rb1 40. Kc2 Rb4 41. Be3 f5 42. Bd2 Rd4 43. Nc3 a5 44. g3 a4 45. Be3 Rb4 46. Bc1 Ke7 47. Bb2 Kd7 48. Nd1 Re4 49. Kd2 Rb4 50. Bc3 Rb5 51. Ne3 a3 52. h3 a2 53. g4 Rb1 54. Nc2 Rh1 55. gxf5 gxf5 56. Bb2 Rxh3 57. Nb4 Rb3 58. Bc3 Rxb4 0-1

[Event "SVR-ch Seniors 34th"]
[Site "Reil"]
[Date "2011.04.16"]
[Round "2"]
[White "Kohlei, Rolf"]
[Black "Reichert, Helmut"]
[Result "1/2-1/2"]
[WhiteElo "2064"]
[BlackElo "1758"]
[PlyCount "73"]
[EventDate "2011.04.15"]
[EventType "swiss"]
[EventRounds "7"]
[EventCountry "GER"]
[SourceTitle "EXT 2013"]
[Source "ChessBase"]
[SourceDate "2012.11.22"]
[SourceVersion "1"]
[SourceVersionDate "2012.11.22"]
[SourceQuality "1"]

1. Nf3 d6 2. d4 Nf6 3. c4 g6 4. Nc3 Bg7 5. e4 0-0 6. Be2 c6 7. 0-0 Qc7 8. h3 e5 9. Be3 Nh5 10. Qd2 f5 11. exf5 gxf5 12. dxe5 dxe5 13. Bc5 Re8 14. Bd6 Qf7 15. g3 f4 16. g4 e4 17. Ng5 Qg6 18. Bxf4 Nxf4 19. Qxf4 Be5 20. Qd2 Bxc3 21. bxc3 h6 22. f4 hxg5 23. fxg5 Nd7 24. h4 Ne5 25. h5 Qg7 26. g6 Be6 27. Qg5 Rf8 28. h6 Qxg6 29. Qxe5 Bxg4 30. Qg3 Bf5 31. Kg2 Rf6 32. Rf4 Kh7 33. Qxg6+ Rxg6+ 34. Kf2 Rf8 35. Ke3 Rxh6 36. Bg4 Rhf6 37. Raf1 1/2-1/2

[Event "GER-chT Seniors 19th"]
[Site "Eckernfoerde"]
[Date "2010.09.18"]
[Round "6.1"]
[White "Quiring, Nikolai"]
[Black "Kohlei, Rolf"]
[Result "0-1"]
[WhiteElo "1937"]
[BlackElo "1946"]
[PlyCount "46"]
[EventDate "2010.09.13"]
[EventType "team-swiss"]
[EventRounds "7"]
[EventCountry "GER"]
[SourceTitle "EXT 2011"]
[Source "ChessBase"]
[SourceDate "2010.11.26"]
[SourceVersion "1"]
[SourceVersionDate "2010.11.26"]
[SourceQuality "1"]
[WhiteTeam "Schleswig Holstein II"]
[BlackTeam "Rheinland Pfalz II"]
[WhiteTeamCountry "GER"]
[BlackTeamCountry "GER"]

1. d4 f5 2. e4 fxe4 3. Nc3 Nf6 4. Bg5 g6 5. Bxf6 exf6 6. Nxe4 d5 7. Nd2 Bg7 8. Qe2+ Kf7 9. 0-0-0 Nc6 10. c3 Re8 11. Qf3 Be6 12. Bd3 Qd7 13. h3 Ne7 14. Ne2 Bf5 15. g4 Bxd3 16. Qxd3 b6 17. f4 Nc8 18. f5 Nd6 19. fxg6+ hxg6 20. Ng3 Bh6 21. Kb1 Re3 22. Qf1 Rxg3 23. Nf3 Kg7 0-1

[Event "GER-chT Seniors 19th"]
[Site "Eckernfoerde"]
[Date "2010.09.17"]
[Round "5.1"]
[White "Pamperin, Gerhard"]
[Black "Kohlei, Rolf"]
[Result "1-0"]
[WhiteElo "1849"]
[BlackElo "1946"]
[PlyCount "38"]
[EventDate "2010.09.13"]
[EventType "team-swiss"]
[EventRounds "7"]
[EventCountry "GER"]
[SourceTitle "EXT 2011"]
[Source "ChessBase"]
[SourceDate "2010.11.26"]
[SourceVersion "1"]
[SourceVersionDate "2010.11.26"]
[SourceQuality "1"]
[WhiteTeam "Mecklenburg Vorpommern II"]
[BlackTeam "Rheinland Pfalz II"]
[WhiteTeamCountry "GER"]
[BlackTeamCountry "GER"]

1. d4 f5 2. c4 Nf6 3. g3 g6 4. Bg2 Bg7 5. Nc3 0-0 6. Nf3 d6 7. 0-0 Qe8 8. Re1 e5 9. dxe5 dxe5 10. e4 f4 11. gxf4 Nh5 12. Nxe5 Nxf4 13. Bxf4 Rxf4 14. Nd3 Rf7 15. e5 c6 16. Ne4 Qd8 17. Nd6 Re7 18. c5 Be6 19. Ne4 Qd7 1-0

[Event "SVR-ch MAT 31th"]
[Site "Idar Oberstein"]
[Date "2008.03.16"]
[Round "4"]
[White "Kohlei, Rolf"]
[Black "Liesenfeld, Holger"]
[Result "1-0"]
[WhiteElo "2099"]
[BlackElo "1860"]
[PlyCount "65"]
[EventDate "2008.03.14"]
[EventType "tourn"]
[EventRounds "9"]
[EventCountry "GER"]
[SourceTitle "EXT 2009"]
[Source "ChessBase"]
[SourceDate "2008.11.26"]
[SourceVersion "1"]
[SourceVersionDate "2008.11.26"]
[SourceQuality "1"]

1. Nf3 d5 2. e3 g6 3. b3 Bg7 4. d4 Nf6 5. Bb2 0-0 6. Be2 Bg4 7. c4 c6 8. Nbd2 Nbd7 9. 0-0 Ne4 10. Nxe4 dxe4 11. Ng5 Bf5 12. g4 e5 13. Nh3 exd4 14. Bxd4 Be6 15. Nf4 Bxd4 16. Nxe6 fxe6 17. Qxd4 Nf6 18. Qe5 Qe7 19. Rad1 Rad8 20. Kg2 Kf7 21. Kg3 h6 22. h4 Rh8 23. f3 Rxd1 24. Bxd1 exf3 25. Rxf3 g5 26. hxg5 hxg5 27. Qxg5 Qd6+ 28. Qf4 e5 29. Qf5 e4+ 30. Rf4 Ke7 31. g5 Rg8 32. Bg4 Nxg4 33. Qf7+ 1-0

[Event "SVR-ch MAT 31th"]
[Site "Idar Oberstein"]
[Date "2008.03.14"]
[Round "1"]
[White "Carrella, Adriano"]
[Black "Kohlei, Rolf"]
[Result "0-1"]
[WhiteElo "1717"]
[BlackElo "2099"]
[PlyCount "88"]
[EventDate "2008.03.14"]
[EventType "tourn"]
[EventRounds "9"]
[EventCountry "GER"]
[SourceTitle "EXT 2009"]
[Source "ChessBase"]
[SourceDate "2008.11.26"]
[SourceVersion "1"]
[SourceVersionDate "2008.11.26"]
[SourceQuality "1"]

1. e4 g6 2. d4 Bg7 3. Nf3 d6 4. Be3 c6 5. Bc4 b5 6. Be2 Nf6 7. Nbd2 Nbd7 8. h3 Qc7 9. 0-0 Bb7 10. c3 0-0 11. Nh2 e5 12. f4 a6 13. Bd3 c5 14. Nhf3 Rae8 15. fxe5 dxe5 16. d5 c4 17. Bc2 Nh5 18. Rf2 Nf4 19. Nf1 Nc5 20. d6 Qc6 21. Nxe5 Nxh3+ 22. gxh3 Bxe5 23. Bh6 Bg7 24. Bxg7 Kxg7 25. Ng3 Bc8 26. Qd4+ f6 27. h4 Re6 28. Rd1 Rd8 29. Rxf6 Rxf6 30. e5 Re6 31. Ne4 Nd7 32. Ng5 Nf8 33. Rf1 h6 34. Rf7+ Kg8 35. Rc7 Qxc7 36. Nxe6 Nxe6 37. dxc7 Rxd4 38. cxd4 Nxd4 39. Bxg6 Nf3+ 40. Kf2 Nxh4 41. Be4 Kf7 42. Kg3 Nf5+ 43. Kf4 Ne7 44. Bf3 Ke8 0-1

[Event "SVR-ch Seniors 30th"]
[Site "Nickenich"]
[Date "2007.03.31"]
[Round "2"]
[White "Kohlei, Rolf"]
[Black "Borkenhagen, Bernd"]
[Result "1-0"]
[WhiteElo "2099"]
[BlackElo "1782"]
[PlyCount "40"]
[EventDate "2007.03.30"]
[EventType "tourn"]
[EventRounds "7"]
[EventCountry "GER"]
[SourceTitle "EXT 2009"]
[Source "ChessBase"]
[SourceDate "2008.11.26"]
[SourceVersion "1"]
[SourceVersionDate "2008.11.26"]
[SourceQuality "1"]

1. e4 e5 2. f4 d6 3. Bc4 exf4 4. d4 Qh4+ 5. Kf1 Be6 6. Qd3 Bxc4 7. Qxc4 c6 8. Nc3 a6 9. a4 Nd7 10. Nf3 Qf6 11. h4 h6 12. Ne2 g5 13. hxg5 hxg5 14. Rxh8 Qxh8 15. Nxg5 Qg7 16. Bxf4 0-0-0 17. Qxf7 Qxf7 18. Nxf7 Re8 19. Bxd6 Rxe4 20. Bxf8 Nxf8 1-0

[Event "SVR-ch MAT-II 29th"]
[Site "Koblenz"]
[Date "2006.04.13"]
[Round "7"]
[White "Kohlei, Rolf"]
[Black "Zirwes, Hans Juergen"]
[Result "0-1"]
[WhiteElo "2099"]
[BlackElo "1822"]
[PlyCount "96"]
[EventDate "2006.04.07"]
[EventType "tourn"]
[EventRounds "9"]
[EventCountry "GER"]
[SourceTitle "EXT 2009"]
[Source "ChessBase"]
[SourceDate "2008.11.26"]
[SourceVersion "1"]
[SourceVersionDate "2008.11.26"]
[SourceQuality "1"]

1. e4 c5 2. Nc3 Nc6 3. g3 g6 4. Bg2 Bg7 5. d3 d6 6. Be3 e6 7. Qd2 h5 8. Nge2 Nge7 9. d4 cxd4 10. Nxd4 Ne5 11. 0-0-0 Nc4 12. Qd3 Nxe3 13. Qxe3 Qb6 14. Rd3 Bh6 15. f4 e5 16. Nde2 Qxe3+ 17. Rxe3 Nc6 18. Nb5 Ke7 19. Rd1 Rd8 20. Nc7 Rb8 21. Nd5+ Kf8 22. h3 Be6 23. c3 Ne7 24. Nxe7 Kxe7 25. b3 h4 26. Rf1 hxg3 27. Rxg3 a5 28. Kc2 exf4 29. Nxf4 Bxf4 30. Rxf4 Rh8 31. Bf1 Rh5 32. c4 g5 33. Rff3 f6 34. Kc3 Rg8 35. Kd4 Rh4 36. Ke3 Rh5 37. Kf2 Bd7 38. a3 Re8 39. Bd3 Rh4 40. Bc2 Reh8 41. Kg2 g4 42. Rc3 Rxh3 43. Rxh3 gxh3+ 44. Kh2 Rg8 45. c5 Rg2+ 46. Kh1 Bc6 47. cxd6+ Kxd6 48. Bd3 Rd2 0-1

[Event "SVR-ch MAT-II 29th"]
[Site "Koblenz"]
[Date "2006.04.09"]
[Round "4"]
[White "Kohlei, Rolf"]
[Black "Welsch, Dieter"]
[Result "1/2-1/2"]
[WhiteElo "2099"]
[BlackElo "1814"]
[PlyCount "136"]
[EventDate "2006.04.07"]
[EventType "tourn"]
[EventRounds "9"]
[EventCountry "GER"]
[SourceTitle "EXT 2009"]
[Source "ChessBase"]
[SourceDate "2008.11.26"]
[SourceVersion "1"]
[SourceVersionDate "2008.11.26"]
[SourceQuality "1"]

1. e4 e5 2. f4 exf4 3. Bc4 Qh4+ 4. Kf1 Nc6 5. d4 g5 6. Nf3 Qh5 7. h4 d6 8. Kg1 Bg4 9. hxg5 Bxf3 10. gxf3 Qxg5+ 11. Kf1 a6 12. Nc3 Nge7 13. Rg1 Qh4 14. Qd3 Nb4 15. Bxf7+ Kxf7 16. Qc4+ Ke8 17. Qxb4 Rb8 18. Qc4 Kd7 19. Ne2 Bh6 20. Bd2 Rbf8 21. d5 Rhg8 22. Qd4 Qh3+ 23. Kf2 Bg5 24. Nc3 Bh4+ 25. Ke2 Rg2+ 26. Rxg2 Qxg2+ 27. Kd3 Qxf3+ 28. Kc4 Bf6 29. Qd3 Qf2 30. b4 Ng6 31. Kb3 Ne5 32. Qh3+ Kd8 33. Qh6 Rf7 34. Qxf4 Qxf4 35. Bxf4 h5 36. Rh1 Rh7 37. Ne2 h4 38. Nd4 h3 39. Nf5 Nf3 40. Kc4 Be5 41. Bxe5 Nxe5+ 42. Kd4 h2 43. Ke3 Rh3+ 44. Ke2 Ng4 45. a4 Ke8 46. a5 Kf7 47. c4 Rb3 48. c5 Rb2+ 49. Kf3 Ne5+ 50. Kg3 Rxb4 51. cxd6 cxd6 52. Nxd6+ Ke7 53. Nf5+ Kf6 54. Rxh2 Rxe4 55. Nd6 Rg4+ 56. Kh3 Rd4 57. Rf2+ Kg6 58. Rb2 Rxd5 59. Nxb7 Nc4 60. Ra2 Rb5 61. Rc2 Nxa5 62. Nxa5 Rxa5 63. Kg4 Ra4+ 64. Kf3 Kf5 65. Ke3 Ke5 66. Kd3 Kd5 67. Kc3 Kc5 68. Kb3+ Kb5 1/2-1/2

[Event "Rheinland-ch MT-B 28th"]
[Site "Trier"]
[Date "2005.??.??"]
[Round "5"]
[White "Schwertel, Johann"]
[Black "Kohlei, Rolf"]
[Result "1/2-1/2"]
[WhiteElo "2050"]
[BlackElo "2095"]
[PlyCount "27"]
[EventDate "2005.03.??"]
[EventType "tourn"]
[EventRounds "9"]
[EventCountry "GER"]
[SourceTitle "EXT 2009"]
[Source "ChessBase"]
[SourceDate "2008.11.26"]
[SourceVersion "1"]
[SourceVersionDate "2008.11.26"]
[SourceQuality "1"]

1. d4 f5 2. Nf3 Nf6 3. c4 e6 4. Nc3 Bb4 5. e3 b6 6. Be2 0-0 7. 0-0 Bxc3 8. bxc3 d6 9. Nd2 Bb7 10. Bf3 Bxf3 11. Qxf3 Nbd7 12. e4 fxe4 13. Nxe4 e5 14. Nxf6+ 1/2-1/2

[Event "Rheinland-ch MAT B"]
[Site "Koblenz"]
[Date "2003.04.17"]
[Round "6"]
[White "Kohlei, Rolf"]
[Black "Melnikov, Valeri"]
[Result "1-0"]
[WhiteElo "2075"]
[BlackElo "2064"]
[PlyCount "111"]
[EventDate "2003.04.11"]
[EventType "tourn"]
[EventRounds "9"]
[EventCountry "GER"]
[SourceTitle "EXT 2004"]
[Source "ChessBase"]
[SourceDate "2003.11.25"]
[SourceVersion "1"]
[SourceVersionDate "2003.11.25"]
[SourceQuality "1"]

1. Nf3 Nf6 2. c4 g6 3. Nc3 Bg7 4. e4 d6 5. d4 0-0 6. Be2 e5 7. 0-0 Nc6 8. d5 Ne7 9. Ne1 Nd7 10. f3 f5 11. Be3 f4 12. Bf2 g5 13. g4 h5 14. h3 hxg4 15. fxg4 Ng6 16. Nf3 Rf7 17. Rc1 Bf8 18. Kg2 Nh4+ 19. Nxh4 gxh4 20. Rc2 Kh8 21. Bf3 Rg7 22. Kh2 Nf6 23. Rg1 Nh7 24. Kh1 Be7 25. Rg2 Bd7 26. Ne2 Ng5 27. Ng1 Rh7 28. Qd3 Be8 29. Rh2 Bg6 30. Bg2 Qf8 31. Re2 c5 32. dxc6 bxc6 33. Nf3 Ne6 34. c5 Rd8 35. Qc3 Bf6 36. cxd6 Qxd6 37. Rd2 Qc7 38. Rxd8+ Nxd8 39. g5 Bg7 40. Nxh4 Bh5 41. Nf5 Bf8 42. h4 Rd7 43. Bf3 Bb4 44. Qb3 Bxf3+ 45. Qxf3 Ne6 46. Qb3 Nc5 47. Qxb4 Rd1+ 48. Kg2 f3+ 49. Kg3 Ne6 50. Qe7 Qxe7 51. Nxe7 Rd3 52. Nxc6 Nf4 53. Nxe5 Ne2+ 54. Kg4 Rd2 55. Nxf3 Rxb2 56. Nd4 1-0